Aiche Journal /

Guardado en:
Autor Corporativo: American Institute of Chemical Engineers (Aiche)
Formato: Revista
Idioma:English
Publicado: New York : Aiche, 1955-.
Materias:
Acceso en línea:Texto completo
Etiquetas: Agregar Etiqueta
Sin Etiquetas, Sea el primero en etiquetar este registro!
LEADER 01126nas a2200253 4500
001 CARPC.001014
008 030109c19559999xxum|#p#######0###a0eng||
005 20080725194837.0
210 0 |a AIChE j 
222 0 |a AIChE journal 
245 0 0 |a Aiche Journal /  |c American Institute of Chemical Engineers (Aiche). 
260 |a New York :  |b Aiche,  |c 1955-. 
310 |a Mensual. 
362 0 |a Vol. 1, no. 1 (Mar. 1955)-. 
022 |a 0001-1541 
710 2 |a American Institute of Chemical Engineers (Aiche) 
246 3 |a American Institute of Chemical Engineers journal 
653 |a Ingenieria quimica 
653 |a Quimica 
653 |a Procesos 
653 |a Tecnología quimica 
856 4 1 |3 Texto completo  |u http://www.sciencedirect.com/science/journal/00011541 
866 |9 EIQ  |a 1955-1958 1-4; 1959 5(1-3); 1960-1963 6-9; 1964 10(1-4,6); 1965-1987 11-33; 1988 34(1-2); 1989-2000 35-46; 2001 47(1,3-12); 2002-2007 48-53; 2008 54(1-8). 1983 29 (6) NE; 1997 43 (11 A) NE 
866 |9 EUN  |a 1960 6(2-3); 1961-1963 7-9; 1965 11(3-6); 1966 12(1,6); 1967 13(2-6); 1968-1982 14-28; 1983 29(1-2); 1986 32(2); 1987 33(1,3-12); 1989 35  |s 660.28 J825